000 00626nam a2200205 4500
001 144815
003 ES-MaACL
005 20230906201114.0
007 t|
008 070214s1956 sp r ||||1| spa d
100 1 _aSlaughter, Frank G.
_9106773
245 1 0 _aTempestad de pasiones
_b: novela /
_cFrank G. Slaughter ; [traducción del inglés por Alfredo J. Grassi].
260 _aBarcelona :
_bPlaneta,
_c1956 (
_fAleu y Domingo)
300 _a417 p. ;
_c19 cm.
490 1 _aGoliat
700 1 _aGrassi, Alfredo J.
_959705
830 0 _aGoliat
_9181396
852 _aES-MaACL
_jC-11037
_bR.39206
999 _c144815
_d144815